| 000 -LEADER |
| fixed length control field |
00637nam a22001337a 4500 |
| 040 ## - CATALOGING SOURCE |
| Transcribing agency |
RUA |
| 082 ## - DEWEY DECIMAL CLASSIFICATION NUMBER |
| Classification number |
FOR VA 2000 B127 Or.1 |
| 100 ## - MAIN ENTRY--AUTHOR NAME |
| Personal name |
VA SOPHEAK DARA |
| 245 ## - TITLE STATEMENT |
| Title |
Contribution of watershed classification in preah sihanouk ream national park, វិភាគទាននៃការរៀបចំចំណាត់ថ្នាក់ទីជំរាល នៅតំបន់ឧទ្យានជាតិព្រះសីហនុ "រាម'', |
| 260 ## - PUBLICATION, DISTRIBUTION, ETC. (IMPRINT) |
| Place of publication |
Phnom Penh |
| Name of publisher |
RUA |
| Year of publication |
2000 |
| 300 ## - PHYSICAL DESCRIPTION |
| Number of Pages |
54p. |
| Other physical details |
ill. |
| Dimensions |
29cm. |
| 856 ## - ELECTRONIC LOCATION AND ACCESS |
| Uniform Resource Identifier |
https://drive.google.com/file/d/1qFlXesnrfJzylFpzd_agKk6KuMsA33Jp/view?usp=sharing |
| 942 ## - ADDED ENTRY ELEMENTS (KOHA) |
| Koha item type |
FOR |
| 952 ## - LOCATION AND ITEM INFORMATION (KOHA) |
| Withdrawn status [LOCAL, KOHA] |
0 |
| 952 ## - LOCATION AND ITEM INFORMATION (KOHA) |
| Withdrawn status [LOCAL, KOHA] |
0 |
| 952 ## - LOCATION AND ITEM INFORMATION (KOHA) |
| Withdrawn status [LOCAL, KOHA] |
0 |
| 952 ## - LOCATION AND ITEM INFORMATION (KOHA) |
| Withdrawn status [LOCAL, KOHA] |
0 |
| 952 ## - LOCATION AND ITEM INFORMATION (KOHA) |
| Withdrawn status [LOCAL, KOHA] |
0 |